A personalidade de Beethoven (Record no. 45492)

MARC details
000 -Etiqueta do registo
Valores 00664cam a2200205 4500
100 ## - Dados gerais de processamento
Dados gerais 19940112d1947 m y0pory50030103ba
101 0# - Língua de publicação
Língua por
102 ## - País de publicação
País PT
200 1# - Titulo e menção de responsabilidade
Título próprio A personalidade de Beethoven
Informação de outro título ensaios beethovenianos
Primeira menção de responsabilidade Luís de Freitas Branco
210 #9 - Publicação
Local de publicação Lisboa
Nome do editor Edições Cosmos,
Data de publicação imp. 1947
215 ## - Descrição física 
Paginação / Volumes 98, [2] p.
Dimensões 19 cm
225 2# - Colecção 
Título próprio da colecção Biblioteca cosmos
Indicação de volume 124.
Número de parte ou secção 5.ª seccão,
Nome de parte ou secção Biografias
Indicação de volume 5
600 #1 - Nome de pessoa usado como assunto
Apelido Beethoven,
Nome Ludwig van,
Datas 1770-1827
675 ## - CDU
Notação 929Beethoven, Ludwig van
Edição BN
Língua por
675 ## - CDU
Notação 78Beethoven, Ludwig van
Edição BN
Língua por
700 #1 - Autor principal
Apelido Branco,
Nome Luís de Freitas,
Datas 1890-1955
801 #0 - Fonte de origem
País PT
Agência BN
Regras de catalogação RPC
990 ## - Elementos KOHA
Tipo de documento Livro
Holdings
Aquisição Empréstimo Código de barras Cota Permissão de empréstimo Tipo de documento Nota relativa ao exemplar
Biblioteca Municipal de Redondo Biblioteca Municipal de Redondo 056202 929 BEE Consulta presencial Livro oferta de Vergílio Ambrósio

Powered by Koha